学校法人佐藤栄学園が運営する学校 - Statistics

General Stats
  • This quiz has been taken 49 times
  • The average score is 5 of 9
Answer Stats
Hint Answer % Correct
高等学校 埼玉栄高等学校
98%
高等学校 栄東高等学校
91%
中学校 栄東中学校
76%
中学校 埼玉栄中学校
64%
高等学校 栄北高等学校
60%
高等学校 花咲徳栄高等学校
56%
小学校 さとえ学園小学校
24%
専修学校 埼玉自動車大学校
22%
大学 平成国際大学
18%
No matching quizzes found
Score Distribution
Percent of People with Each Score
Percentile by Number Answered
Your Score History
You have not taken this quiz